[Event "Master Open"]
[Site "Voronezh"]
[Date "2017.06.16"]
[Round "5.2"]
[White "Maiorov, Nikita"]
[Black "Tran, Tuan Minh"]
[Result "1-0"]
[WhiteElo "2521"]
[BlackElo "2541"]
[Annotator ""]
[Source ""]
[Remark ""]

1.d4 Nf6 2.c4 e6 3.Nc3 Bb4 4.Qc2 b6 5.a3 Bxc3+ 6.Qxc3 Bb7 7.f3
d5 8.Bg5 dxc4 9.Qxc4 Nc6 10.Rd1 h6 11.Bh4 Qd7 12.e4 Rd8 13.Ne2
O-O 14.Qc1 Kh7 15.e5 Ng8 16.Bxd8 Rxd8 17.b4 Kh8 18.b5 Na5 19.Nc3
Nb3 20.Qe3 Nxd4 21.Kf2 Ne7 22.Bd3 Qe8 23.Qf4 Ndf5 24.Bb1 Rc8
25.Qd2 Qf8 26.Rhe1 Nh4 27.Qd4 Nef5 28.Qb4 Qe8 29.Re2 c5 30.bxc6
Qxc6 31.Ne4 a5 32.Qb2 b5 33.Nd6 Qc5+ 34.Kf1 Bxf3 35.gxf3 Ne3+
36.Rxe3 Qxe3 37.Qe2 Rc3 38.Qxe3 Rxe3 39.Be4 f5 40.exf6 gxf6 41.Kf2
Rxa3 42.Nxb5 Ra2+ 43.Kg3 Ng2 44.Rd8+ Kg7 45.Rd7+ Kg8 46.Bh7+
Kh8 47.Nc7 e5 48.Nd5 Nf4 49.Nxf4 exf4+ 50.Kxf4 Rxh2 51.Be4 Rh5
52.Rf7 1-0

[Event "Master Open"]
[Site "Voronezh"]
[Date "2017.06.16"]
[Round "5.3"]
[White "Bakunts, Rafael"]
[Black "Mozharov, Mikhail"]
[Result "1/2-1/2"]
[WhiteElo "2397"]
[BlackElo "2536"]
[Annotator ""]
[Source ""]
[Remark ""]

1.e4 e5 2.Nf3 Nc6 3.Bb5 a6 4.Ba4 Nf6 5.O-O Nxe4 6.d4 b5 7.Bb3
d5 8.dxe5 Be6 9.Nbd2 Nc5 10.c3 Be7 11.Bc2 d4 12.Nb3 d3 13.Bb1
Nxb3 14.axb3 Bf5 15.Be3 O-O 16.Re1 Qd5 17.Bd4 Rfd8 18.Re3 Nxd4
19.cxd4 c5 20.Bxd3 cxd4 21.Re2 Qe6 22.Qb1 Bg6 23.Bxg6 hxg6 24.Qd3
Rac8 25.Re4 Rd5 26.h3 Rcd8 27.Rd1 R8d7 28.Re2 Rd8 29.Re4 R8d7
30.Re2 Rd8 31.Re4 R8d7 1/2-1/2

[Event "Master Open"]
[Site "Voronezh"]
[Date "2017.06.16"]
[Round "5.4"]
[White "Grachev, Boris"]
[Black "Gabrielian, Artur"]
[Result "1/2-1/2"]
[WhiteElo "2648"]
[BlackElo "2506"]
[Annotator ""]
[Source ""]
[Remark ""]

1.d4 Nf6 2.Nf3 g6 3.Nbd2 Bg7 4.e4 d6 5.Bd3 O-O 6.O-O Nc6 7.c3
e5 8.Re1 exd4 9.cxd4 a5 10.Bb5 Bd7 11.Nb1 Bg4 12.Bxc6 bxc6 13.h3
Bxf3 14.Qxf3 Nd7 15.Be3 Rb8 16.Nd2 Rxb2 17.Nc4 Rb5 18.a4 Rb4
19.Rac1 Rxa4 20.Qd1 Rb4 21.Nxa5 Nb8 22.Nxc6 Nxc6 23.Rxc6 Qd7
24.Rc2 Re8 25.Qd2 Qa4 26.Rxc7 Bxd4 27.Bxd4 Rxd4 28.Qf4 Rf8 29.Qf3
Qa5 30.Rec1 Qe5 31.R7c4 Rxc4 32.Rxc4 Re8 33.Qd3 h5 34.h4 Qa1+
35.Kh2 Qf6 36.Qg3 Kg7 37.f3 Qe5 38.Rc1 Ra8 39.Rd1 Ra6 40.Rd5
Qf6 41.Rxh5 Ra8 42.Qg5 Qxg5 43.Rxg5 Kf6 44.Rd5 Ke6 45.Rd2 f5
46.exf5+ gxf5 47.Kg3 Rh8 48.Kf4 Rxh4+ 49.Kg5 Rh8 50.Re2+ Kd5
51.Kxf5 Rf8+ 52.Kg5 Kc4 53.f4 Rg8+ 54.Kf6 Rf8+ 55.Kg5 Rg8+ 56.Kf6
Rf8+ 57.Ke7 Rxf4 58.Kxd6 Kd4 59.Ke6 Re4+ 60.Rxe4+ Kxe4 61.g3
Kf3 62.Ke5 Kxg3 63.Ke4 1/2-1/2

[Event "Master Open"]
[Site "Voronezh"]
[Date "2017.06.16"]
[Round "5.5"]
[White "Savchenko, Boris"]
[Black "Burmakin, Vladimir"]
[Result "1/2-1/2"]
[WhiteElo "2639"]
[BlackElo "2504"]
[Annotator ""]
[Source ""]
[Remark ""]

1.e4 c6 2.Nc3 d5 3.Nf3 g6 4.d4 Bg7 5.h3 dxe4 6.Nxe4 Nf6 7.Nxf6+
exf6 8.Bd3 O-O 9.Be3 Be6 10.c4 Na6 11.Qd2 Nc7 12.O-O Qd7 13.Rfd1
Rfd8 14.Rac1 Ne8 15.b3 Nd6 16.Qb2 Nf5 17.Bxf5 Bxf5 18.d5 Be4
19.Nd4 cxd5 20.f3 Bf5 21.c5 Be6 22.b4 a6 23.a4 f5 24.Qb3 Rdc8
25.b5 axb5 26.axb5 Bf8 27.c6 bxc6 28.bxc6 Qd6 29.Nb5 Qb8 30.Bd4
Ra5 31.Qe3 Ra4 32.Rb1 Qg3 33.Rdc1 Rc4 34.c7 R8xc7 35.Nxc7 Qxc7
36.Rxc4 dxc4 37.Qc3 h5 38.Kh1 Kh7 39.Ra1 Qb8 40.Qe3 Bg7 41.Bxg7
Kxg7 42.Qd4+ Kh7 43.Re1 Qh8 44.Re5 Qf6 45.Qd6 Kg7 46.Qc7 Kh7
47.Kg1 Kg7 48.Kf1 Kh7 49.Ke2 Kh6 50.f4 Kg7 51.h4 Kf8 52.Qb8+
Kg7 53.g3 Qe7 54.Qb2 Kh7 55.Qd4 Qa3 56.Re3 Qa2+ 57.Kf3 c3 58.Rxc3
Qd5+ 59.Qxd5 Bxd5+ 60.Ke3 Kg7 61.Kd4 Be6 62.Rc6 Bb3 63.Ke5 Bd1
64.Rb6 Be2 65.Rc6 Bf3 66.Rc2 Bg4 67.Kd6 Bd1 68.Rc3 Kf6 69.Ra3
Be2 70.Kc5 Kg7 71.Rb3 Bd1 72.Re3 Kf6 73.Re8 Kg7 74.Rb8 Bf3 75.Kd6
Be2 76.Ke5 Bf3 77.Rb2 Bd1 78.Rd2 Bf3 79.Ke4 1/2-1/2

[Event "Master Open"]
[Site "Voronezh"]
[Date "2017.06.16"]
[Round "5.6"]
[White "Kozionov, Kirill"]
[Black "Popov, Ivan"]
[Result "1/2-1/2"]
[WhiteElo "2437"]
[BlackElo "2619"]
[Annotator ""]
[Source ""]
[Remark ""]

1.d4 Nf6 2.c4 e6 3.Nc3 Bb4 4.e3 O-O 5.Bd3 c5 6.Nf3 d5 7.O-O cxd4
8.exd4 dxc4 9.Bxc4 b6 10.Bg5 Bb7 11.Ne5 Nbd7 12.Nxd7 Qxd7 13.Bxf6
gxf6 14.d5 Bxc3 15.bxc3 Bxd5 16.Qg4+ Kh8 17.Qh4 Bxc4 18.Qxf6+
Kg8 19.Qg5+ Kh8 20.Qf6+ Kg8 21.Qg5+ 1/2-1/2

[Event "Master Open"]
[Site "Voronezh"]
[Date "2017.06.16"]
[Round "5.7"]
[White "Volkov, Sergey"]
[Black "Golubov, Saveliy"]
[Result "1-0"]
[WhiteElo "2615"]
[BlackElo "2504"]
[Annotator ""]
[Source ""]
[Remark ""]

1.d4 Nf6 2.c4 e6 3.Nf3 d5 4.Nc3 a6 5.cxd5 exd5 6.Bg5 Be6 7.h3
Bd6 8.e3 h6 9.Bf4 Bxf4 10.exf4 O-O 11.Bd3 Qd6 12.Qd2 Nc6 13.O-O
Nb4 14.Bb1 c5 15.dxc5 Qxc5 16.Rd1 Rad8 17.Nd4 Nc6 18.Bc2 Qb6
19.Na4 Qxd4 20.Qxd4 Nxd4 21.Rxd4 Bd7 22.Nc3 Bc6 23.Rad1 Rfe8
24.f3 Kf8 25.Kf2 Re7 26.Bb3 Red7 27.R4d3 Rc7 28.g4 g5 29.fxg5
hxg5 30.a4 b5 31.axb5 axb5 32.Ne4 Nxe4+ 33.fxe4 d4 34.Rxd4 Rxd4
35.Rxd4 Ke7 36.Rd3 f6 37.Ke3 Ra7 38.Kd4 Ra1 39.Bd5 Bd7 40.Kc5
Rb1 41.b3 Rc1+ 42.Kb6 Rc2 43.Bb7 b4 44.Ba6 Be6 45.Kb5 Ra2 46.Bb7
Ra7 47.Bd5 Bd7+ 48.Kxb4 Kd6 49.Bc4+ Ke5 50.Kc5 Be8 51.Rd8 Rc7+
52.Kb6 Re7 53.Bd5 Bg6 54.Rh8 Bxe4 55.Bxe4 Kxe4 56.b4 Kd5 57.b5
Re6+ 58.Ka5 Re3 59.Rd8+ Kc5 60.Rc8+ Kd5 61.b6 Rb3 62.Rc1 Kd6
63.Rf1 Ke6 64.Rf5 Ra3+ 65.Kb4 Rxh3 66.b7 Rh8 67.Kc5 Kd7 68.Kb6 1-0

[Event "Master Open"]
[Site "Voronezh"]
[Date "2017.06.16"]
[Round "5.8"]
[White "Ponkratov, Pavel"]
[Black "Iljiushenok, Ilia"]
[Result "1-0"]
[WhiteElo "2595"]
[BlackElo "2496"]
[Annotator ""]
[Source ""]
[Remark ""]

1.e4 e6 2.d4 d5 3.Nc3 Nf6 4.e5 Nfd7 5.f4 c5 6.Nf3 Nc6 7.Be3 a6
8.Qd2 b5 9.Be2 Qb6 10.Nd1 b4 11.c4 bxc3 12.Nxc3 Rb8 13.Rb1 Qa5
14.O-O Be7 15.dxc5 Bxc5 16.Bxc5 Qxc5+ 17.Kh1 Bb7 18.b4 Qe7 19.Na4
O-O 20.Bd3 f6 21.exf6 Rxf6 22.a3 Rbf8 23.Ng5 g6 24.Nc3 Qd6 25.Be2
Rxf4 26.Rxf4 Rxf4 27.b5 axb5 28.Nxb5 Qe5 29.Nf3 Qb8 30.Nc3 Nd8
31.Ba6 Nc5 32.Bxb7 Ndxb7 33.Nxd5 exd5 34.Qxd5+ Kg7 35.Qxc5 Nxc5
36.Rxb8 Ra4 37.Rb5 Rc4 38.h3 h5 39.Rb6 Nd3 40.Kh2 Rc2 41.Rd6
Nf4 42.Rd2 Rc3 43.Ra2 Rc5 44.a4 g5 45.a5 g4 46.Nd4 gxh3 47.g3
Rd5 48.a6 Rxd4 49.a7 Rd8 50.gxf4 Ra8 51.Ra6 1-0

[Event "Master Open"]
[Site "Voronezh"]
[Date "2017.06.16"]
[Round "5.11"]
[White "Rychagov, Andrey"]
[Black "Praggnanandhaa, R"]
[Result "1/2-1/2"]
[WhiteElo "2556"]
[BlackElo "2467"]
[Annotator ""]
[Source ""]
[Remark ""]

1.d4 Nf6 2.c4 e6 3.Nf3 d5 4.Nc3 Be7 5.Bg5 h6 6.Bh4 O-O 7.e3 b6
8.Bd3 Bb7 9.O-O Nbd7 10.Qe2 dxc4 11.Bxc4 Ne4 12.Bg3 Nxg3 13.hxg3
Bb4 14.Rfd1 Nf6 15.Rac1 Qe7 16.Ba6 c5 17.Bxb7 Qxb7 18.Nb5 a6
19.Nd6 Qe7 20.Nc4 b5 21.Nce5 c4 22.Nc6 Qd6 23.Nfe5 Rac8 24.Qf3
Nd5 25.e4 Ne7 26.Nxb4 Qxb4 27.Rc2 Qd6 28.b3 f6 29.Ng4 Nc6 30.Rcd2
Nb4 31.bxc4 bxc4 32.Qc3 f5 33.a3 Nd3 34.exf5 exf5 35.Ne5 Qd5
36.Nxd3 cxd3 37.Qxd3 f4 38.gxf4 Rxf4 39.Qxa6 Rc3 40.Rd3 Rc2 41.R3d2
Rxd2 42.Rxd2 Rxd4 43.Qc8+ Kh7 44.Qc2+ Kh8 45.Rxd4 Qxd4 46.Qc8+
Kh7 47.Qf5+ Kh8 48.Qf3 Qa4 49.g3 Kh7 50.Kg2 Kg8 51.Kh2 Kh7 52.Qf5+
Kg8 53.Qe6+ Kh7 54.Qd6 Qa7 55.Qd3+ Kh8 56.Kg1 Qa4 57.Qd6 Kh7
58.Qb4 Qd1+ 59.Kh2 Qh5+ 60.Kg2 Qd5+ 61.f3 Kh8 62.a4 Qa2+ 63.Kh3
Qe6+ 64.Qg4 Qa6 65.Qe4 Qc8+ 66.Kg2 Qd8 67.Qf5 Qd2+ 68.Kh3 Qc1
69.a5 Qf1+ 70.Kh4 Qa6 71.Qd5 Kh7 72.Kg4 Qg6+ 73.Kf4 Qa6 74.Ke3
Qa7+ 75.Kd3 Qf2 76.g4 Qf1+ 77.Ke4 Qe2+ 78.Kf5 Qe7 79.Kf4 Qc7+
80.Ke4 Qe7+ 81.Qe5 Qb4+ 82.Ke3 Qe1+ 83.Kf4 Qc1+ 84.Kf5 Qc8+ 85.Ke4
Qc4+ 86.Ke3 Qc1+ 87.Kf2 Qd2+ 88.Kg3 Qc1 89.Qe4+ Kg8 90.Qa8+ Kh7
91.Qd5 Kh8 92.Qd8+ Kh7 93.Qd3+ Kh8 94.a6 Qg1+ 95.Kf4 Qc1+ 96.Ke4
Qc6+ 97.Ke3 Qb6+ 98.Ke2 Qb2+ 99.Kf1 Qc1+ 100.Kg2 Qb2+ 101.Kh3
Qf2 102.Qd1 g5 103.Qd3 Kg7 104.Qd7+ Kg6 105.Qe6+ 1/2-1/2

[Event "Master Open"]
[Site "Voronezh"]
[Date "2017.06.16"]
[Round "5.12"]
[White "Shyam, Sundar M."]
[Black "Nihal, Sarin"]
[Result "1-0"]
[WhiteElo "2535"]
[BlackElo "2454"]
[Annotator ""]
[Source ""]
[Remark ""]

1.e4 c6 2.d4 d5 3.exd5 cxd5 4.Bd3 Nc6 5.c3 g6 6.Nf3 Bg7 7.O-O
Nf6 8.Re1 O-O 9.h3 Ne8 10.Bf4 Nd6 11.Nbd2 f6 12.Bh2 e6 13.c4
dxc4 14.Bxc4 Nxc4 15.Nxc4 Qd5 16.Ne3 Qb5 17.a4 Qb4 18.d5 Rd8
19.Bc7 Rd7 20.d6 Rf7 21.a5 Bd7 22.Qd3 Re8 23.Rec1 Bf8 24.a6 bxa6
25.Qxa6 Nb8 26.Qa3 Qxa3 27.Rxa3 e5 28.Rxa7 Nc6 29.Ra6 e4 30.Raxc6
Bxc6 31.Rxc6 exf3 32.gxf3 Re5 33.Nc4 Rb5 34.Kf1 h5 35.Ke2 Kh7
36.Kd3 Bg7 37.Kc2 g5 38.Nb6 f5 39.b3 h4 40.Rc4 Bf6 41.d7 Rxb6
42.Bxb6 Rxd7 43.b4 Kg6 44.b5 Be5 45.Bc5 Rd5 46.b6 Kh5 47.Be3
Rb5 48.Rc6 Rb2+ 49.Kd3 Rb4 50.Re6 Bh2 51.Rf6 Bf4 52.Kc3 Ra4 53.Bxf4
gxf4 54.b7 1-0

[Event "Master Open"]
[Site "Voronezh"]
[Date "2017.06.16"]
[Round "5.13"]
[White "Lintchevski, Daniil"]
[Black "Ponomarev, Dmitry"]
[Result "1/2-1/2"]
[WhiteElo "2532"]
[BlackElo "2417"]
[Annotator ""]
[Source ""]
[Remark ""]

1.Nf3 d5 2.d4 c6 3.c4 dxc4 4.e3 Be6 5.Nbd2 Nf6 6.Nxc4 g6 7.Bd3
Bg7 8.O-O O-O 9.Qe2 c5 10.dxc5 Nfd7 11.Ng5 Nxc5 12.Nxe6 Nxe6
13.Be4 Qc7 14.Bd2 Nc6 15.Rac1 Ng5 16.Bd5 e6 17.Bxc6 Qxc6 18.f3
f5 19.Bc3 Rac8 20.Bxg7 Kxg7 21.b3 Nf7 22.Qb2+ Kg8 23.Rfd1 Rfd8
24.Qf6 Qe8 25.e4 Rc7 26.Ne5 Rxc1 27.Rxc1 Nxe5 28.Qxe5 Qd7 29.h4
Rc8 30.Rxc8+ Qxc8 31.Qf6 fxe4 32.fxe4 Qc5+ 33.Kh2 Qc6 34.Qe5
Kf7 35.h5 gxh5 36.Qxh5+ Kg7 37.Qg5+ Kf7 38.e5 Qd5 39.Qf4+ Kg7
40.Qg5+ Kf7 41.g4 Qf3 1/2-1/2

[Event "Master Open"]
[Site "Voronezh"]
[Date "2017.06.16"]
[Round "5.14"]
[White "Cherniaev, Alexander"]
[Black "Paravyan, David"]
[Result "1/2-1/2"]
[WhiteElo "2425"]
[BlackElo "2521"]
[Annotator ""]
[Source ""]
[Remark ""]

1.d4 Nf6 2.c4 g6 3.g3 Bg7 4.Bg2 O-O 5.Nf3 d6 6.O-O Nc6 7.d5 Nb8
8.Nc3 c6 9.h3 cxd5 10.cxd5 Na6 11.Be3 Nc5 12.Nd4 a5 13.Qd2 Bd7
14.Bh6 Bxh6 15.Qxh6 Qb6 16.Qd2 Rfc8 17.Kh2 a4 18.a3 Nb3 19.Nxb3
Qxb3 20.f4 Be8 21.e4 Nd7 22.Rf2 Nb6 23.Bf1 Nc4 24.Bxc4 Qxc4 25.e5
b5 26.exd6 exd6 27.f5 f6 28.Re1 gxf5 29.Rxf5 Bg6 30.Rxf6 Rf8
31.Ree6 Rxf6 32.Rxf6 b4 33.axb4 Qxb4 34.Rf4 Qb3 35.Rf2 Rf8 36.Rxf8+
Kxf8 37.g4 Ke7 38.Kg3 Kd7 39.Qd4 Qxb2 40.Qxa4+ Ke7 41.Qc4 Qb6
42.Qe2+ Kf6 43.Qe6+ Kg7 44.Ne2 Bf7 45.Qe7 Qb3+ 46.Kh4 Qf3 47.Qg5+
Bg6 48.Ng3 Kf7 49.Qd2 Qf6+ 50.g5 Qe5 51.Kg4 Kg8 52.h4 Bf7 53.Nh5 1/2-1/2

[Event "FIDE Open"]
[Site "Voronezh"]
[Date "2017.06.19"]
[Round "8.15"]
[White "Piskov, Vladimir A."]
[Black "Chekletsov, Egor"]
[Result "1-0"]
[WhiteElo "1909"]
[BlackElo "2070"]
[Annotator ""]
[Source ""]
[Remark ""]

1.d4 Nf6 2.Nf3 e6 3.g3 b6 4.Bg2 Bb7 5.O-O Be7 6.c4 O-O 7.Nc3
Ne4 8.Qc2 Nxc3 9.Qxc3 Be4 10.Rd1 c6 11.Ne5 Bxg2 12.Kxg2 d5 13.Bf4
f6 14.Nf3 g5 15.Bxb8 Rxb8 16.cxd5 cxd5 17.Qc6 Qd6 18.Rac1 Kf7
19.Qa4 a5 20.Rc6 Qd7 21.Qc2 Kg8 22.Rc1 Rb7 23.h4 g4 24.Ne1 Bd6
25.Nd3 Ra8 26.Qd2 Kg7 27.f3 gxf3+ 28.exf3 Rab8 29.a3 Ra7 30.Nf4
Rab7 31.Nh5+ Kg6 32.g4 Re8 33.Qc2+ f5 34.Qd2 h6 35.Nf4+ Kh7 36.Qe3
Bc5 37.Rxe6 Bxd4 38.Qd3 Rxe6 39.Qxf5+ Kg8 40.Nxe6 Bg7 41.Nxg7
Kxg7 42.Qe5+ Kh7 43.Rd1 Qg7 44.Rxd5 Qxe5 45.Rxe5 Rc7 46.Kf2 1-0

[Event "FIDE Open"]
[Site "Voronezh"]
[Date "2017.06.19"]
[Round "8.16"]
[White "Katkov, Vitaly"]
[Black "Teryaeva, Valeria"]
[Result "1-0"]
[WhiteElo "2054"]
[BlackElo "1814"]
[Annotator ""]
[Source ""]
[Remark ""]

1.d4 f5 2.Nf3 Nf6 3.e3 g6 4.c4 Bg7 5.Nc3 d6 6.Be2 O-O 7.O-O c6
8.Qc2 Qc7 9.b3 e5 10.dxe5 dxe5 11.Ba3 Re8 12.Rad1 Qa5 13.Bd6
Ng4 14.b4 Qa3 15.Nb1 Qa6 16.c5 b5 17.cxb6 Qxb6 18.Bc4+ Kh8 19.Ng5
Nh6 20.Nc3 Ba6 21.Na4 Qd8 22.Ne6 Rxe6 23.Bxe6 Bxf1 24.Bxe5 Qe7
25.Bxg7+ Kxg7 26.Qc3+ Qf6 27.Kxf1 Qxc3 28.Nxc3 a5 29.bxa5 Rxa5
30.Rb1 Na6 31.Rb7+ Kf6 32.Bb3 Nc5 33.Rxh7 Nxb3 34.axb3 Nf7 35.Rh4
Ne5 36.Rd4 Rc5 37.Ne2 Rc2 38.h3 Rb2 39.f4 Nf7 40.b4 Ke6 41.Rc4
Kd5 42.Rd4+ Ke6 43.e4 Nd6 44.Nc3 Rc2 45.e5 Nb7 46.Na4 Ke7 47.Kg1
Nd8 48.Nc5 Ne6 49.Nxe6 Kxe6 50.Kh2 c5 51.Rd6+ Kf7 52.Rf6+ Kg7
53.bxc5 Rxc5 54.g4 Rc2+ 55.Kg3 Rc3+ 56.Kh4 Rf3 57.Kg5 1-0

[Event "FIDE Open"]
[Site "Voronezh"]
[Date "2017.06.19"]
[Round "8.17"]
[White "Puchko, Nikolay"]
[Black "Chervonenkis, Boris"]
[Result "1-0"]
[WhiteElo "2154"]
[BlackElo "1918"]
[Annotator ""]
[Source ""]
[Remark ""]

1.e4 e6 2.d4 d5 3.Nd2 Be7 4.c3 c5 5.exd5 Qxd5 6.Ngf3 Nf6 7.Bc4
Qd8 8.Nb3 cxd4 9.Qxd4 O-O 10.O-O Nc6 11.Qxd8 Rxd8 12.Bf4 b6 13.a4
Bb7 14.a5 bxa5 15.Ne5 Nxe5 16.Bxe5 Nd7 17.Bd4 Nb6 18.Bb5 Rd5
19.c4 Rg5 20.f3 a4 21.Bxb6 axb6 22.Rxa4 Rxa4 23.Bxa4 Bf6 24.Rf2
Ba6 25.Rc2 Kf8 26.Bc6 Ke7 27.f4 Rf5 28.g3 e5 29.Be4 Rh5 30.f5
g6 31.fxg6 hxg6 32.c5 bxc5 33.Rxc5 Bg7 34.Rc7+ Kf8 35.Nc5 Be2
36.Bxg6 1-0

[Event "FIDE Open"]
[Site "Voronezh"]
[Date "2017.06.19"]
[Round "8.18"]
[White "Presnyakov, Kirill"]
[Black "Gitelson, Arkady"]
[Result "1-0"]
[WhiteElo "1876"]
[BlackElo "2120"]
[Annotator ""]
[Source ""]
[Remark ""]

1.d4 Nf6 2.c4 c5 3.d5 b5 4.cxb5 a6 5.e3 Bb7 6.Nc3 e6 7.dxe6 fxe6
8.Nf3 d5 9.bxa6 Bxa6 10.Qa4+ Nfd7 11.Qg4 Qb6 12.Ng5 Ke7 13.Bxa6
Rxa6 14.O-O Nf6 15.Qe2 Nc6 16.b3 h6 17.Nf3 Kf7 18.Na4 Qa7 19.Bb2
Bd6 20.Nh4 g5 21.Nf3 e5 22.Ba3 e4 23.Nd2 Nb4 24.Bxb4 cxb4 25.Rac1
Be5 26.Rc2 Re6 27.Rfc1 Qb8 28.h3 g4 29.h4 g3 30.f4 exf3 31.Qxf3
Rf8 32.Rc6 Qe8 33.Rxe6 Qxe6 34.Nc5 Qe7 35.Nf1 Rg8 36.Nd3 Bd6
37.Nf4 Qe4 38.Qxe4 dxe4 39.Rc6 Ke7 40.Rc4 Rg4 41.h5 Kd7 42.Rd4
Kc7 43.Nd5+ Nxd5 44.Rxd5 Kc6 45.Rf5 Rg8 46.Rf6 Kd5 47.Rxh6 Ra8
48.Rg6 Rh8 49.Nxg3 Bxg3 50.Rxg3 Rxh5 51.Rh3 Rf5 52.g4 Rf8 53.Rh5+
Kc6 54.Re5 Ra8 55.Rxe4 Kc5 56.g5 Rxa2 57.g6 Ra4 58.Rg4 1-0

[Event "FIDE Open"]
[Site "Voronezh"]
[Date "2017.06.19"]
[Round "8.19"]
[White "Nakonechny, Ignat"]
[Black "Bitkinin, Lenar"]
[Result "1-0"]
[WhiteElo "1893"]
[BlackElo "2094"]
[Annotator ""]
[Source ""]
[Remark ""]

1.e4 c5 2.Nf3 d6 3.d4 cxd4 4.Nxd4 Nf6 5.Nc3 a6 6.Be2 e6 7.g4
h6 8.Be3 b5 9.a3 Bb7 10.f3 Nbd7 11.Qd2 Rc8 12.h4 d5 13.exd5 Nxd5
14.Nxd5 Bxd5 15.O-O-O Qc7 16.Kb1 Qb7 17.g5 hxg5 18.hxg5 Rxh1
19.Rxh1 Ne5 20.Rh8 Kd7 21.Nb3 Bd6 22.Rxc8 Qxc8 23.Qd4 g6 24.f4
Nc4 25.Bc1 Qc6 26.Qf6 Ke8 27.Qh8+ Bf8 28.Bxc4 bxc4 29.Nd4 Qb6
30.Bd2 a5 31.Bc3 Qc5 32.Qg8 Be4 33.a4 Qd6 34.Ka2 Qd7 35.b3 cxb3+
36.cxb3 Qd6 37.Nb5 Qxf4 38.Qh8 Qf2+ 39.Bb2 Qf4 40.Qh2 Qxg5 41.Qb8+
Qd8 42.Qa7 Bb4 43.Nc7+ Kf8 44.Bg7+ Kg8 45.Bd4 Qc8 46.Bb2 Qd7
47.Qb8+ Bf8 48.Ne8 1-0

[Event "FIDE Open"]
[Site "Voronezh"]
[Date "2017.06.19"]
[Round "8.20"]
[White "Tatarintsev, Egor"]
[Black "Natarov, Ilya"]
[Result "1/2-1/2"]
[WhiteElo "2085"]
[BlackElo "1881"]
[Annotator ""]
[Source ""]
[Remark ""]

1.d4 d5 2.c4 c6 3.Qc2 Nf6 4.Nf3 g6 5.Nc3 Bg7 6.Bg5 dxc4 7.a4
O-O 8.e3 Be6 9.Ne5 c5 10.dxc5 Qc7 11.Nxc4 Qxc5 12.Bxf6 Bxf6 13.Ne4
Qb4+ 14.Qd2 Qxd2+ 15.Kxd2 Rd8+ 16.Kc2 Bg7 17.Rc1 Nd7 18.Kb1 Bf5
19.Bd3 Ne5 20.Nxe5 Bxe5 21.Bc2 Rac8 22.Nc3 Be6 23.Be4 Rd2 24.Rc2
Rxc2 25.Kxc2 b6 26.Bd3 Bd5 27.e4 Bc6 28.Ra1 Bd4 29.f3 e6 30.Kb3
Be5 31.g3 Kf8 32.a5 Bd4 33.axb6 Bxb6 34.Bb5 Bb7 35.Rd1 Rd8 36.Rxd8+
Bxd8 37.Kc4 Ke7 38.Na2 h5 39.Nb4 Bb6 40.Bc6 Bc8 41.Nd3 Bc7 42.f4
Bb6 43.b4 Bg1 44.h3 e5 45.Nxe5 1/2-1/2

[Event "FIDE Open"]
[Site "Voronezh"]
[Date "2017.06.19"]
[Round "8.21"]
[White "Perch, Sofya"]
[Black "Mikhnenko, Alexander"]
[Result "1/2-1/2"]
[WhiteElo "1874"]
[BlackElo "2019"]
[Annotator ""]
[Source ""]
[Remark ""]

1.d4 Nf6 2.c4 e6 3.Nc3 d5 4.e3 b6 5.Nf3 Bb7 6.Bd3 Be7 7.O-O O-O
8.cxd5 exd5 9.Qc2 c5 10.b3 Nc6 11.dxc5 Nb4 12.Qd1 Ne4 13.Bb2
Nxd3 14.Qxd3 Nxc5 15.Qd2 Ne4 16.Nxe4 dxe4 17.Qxd8 Rfxd8 18.Nd4
Rac8 19.Rac1 Rc5 20.Ba3 Rxc1 21.Bxc1 h6 22.Bb2 Rc8 23.Rc1 Rxc1+
24.Bxc1 f5 25.h3 Kf7 26.Kf1 a5 27.a3 Bd5 28.Ke2 Bc5 29.Bb2 b5
30.Nxb5 Bxb3 31.Nd4 Bc4+ 32.Ke1 Ke7 33.Kd2 Kd6 34.Kc3 Kd5 35.Kd2
Ba2 36.Kc2 Kc4 37.Kd2 Bb3 38.Ke2 a4 39.Kd2 Bb6 40.Bc3 Bc5 41.Bb2
Bd6 42.Bc1 Be7 43.Nc6 Kc5 44.Nb4 Bd5 45.Nc2 Kc4 46.Nd4 1/2-1/2

[Event "FIDE Open"]
[Site "Voronezh"]
[Date "2017.06.19"]
[Round "8.22"]
[White "Kasantsev, Anatolij B."]
[Black "Stepanyan, Eva"]
[Result "1-0"]
[WhiteElo "1961"]
[BlackElo "1856"]
[Annotator ""]
[Source ""]
[Remark ""]

1.d4 Nf6 2.c4 e6 3.Nc3 Bb4 4.Qc2 O-O 5.a3 Bxc3+ 6.Qxc3 b6 7.Bg5
Bb7 8.f3 h6 9.Bh4 d5 10.e3 Nbd7 11.Bd3 c5 12.cxd5 exd5 13.Ne2
Qe7 14.Bf5 Qd6 15.O-O Rfe8 16.Rfe1 g6 17.Bh3 c4 18.Qd2 Kg7 19.Nc3
Bc6 20.Rad1 a6 21.Qc2 g5 22.Bg3 Qf8 23.Bf5 b5 24.e4 Nb6 25.Be5
Qh8 26.Qf2 Kg8 27.h4 Qg7 28.hxg5 hxg5 29.Qg3 a5 30.Qh2 b4 31.Ne2
Na4 32.Ng3 Rxe5 33.dxe5 Ne8 34.exd5 Bb5 35.axb4 axb4 36.Ra1 Rd8
37.d6 Nxb2 38.Ra7 Nd3 39.Bxd3 cxd3 40.Nf5 Qf8 41.Qh5 Ng7 42.Nh6+
Kh7 43.Qxg5 Ne6 44.Qf5+ Kxh6 45.Re4 Qg8 46.Rh4+ Kg7 47.Rg4+ Kh6
48.Rxg8 1-0

[Event "FIDE Open"]
[Site "Voronezh"]
[Date "2017.06.19"]
[Round "8.23"]
[White "Ter-Saakian, Grigorii"]
[Black "Asefi, Zaheeruddeen"]
[Result "0-1"]
[WhiteElo "1844"]
[BlackElo "1960"]
[Annotator ""]
[Source ""]
[Remark ""]

1.d4 Nf6 2.Nf3 c5 3.e3 d5 4.b3 Bg4 5.Bb2 Nc6 6.Nbd2 cxd4 7.exd4
e6 8.Be2 Bd6 9.O-O O-O 10.h3 Bh5 11.Ne5 Bg6 12.Nxg6 hxg6 13.Nf3
Nh5 14.Re1 Rc8 15.Bf1 Qb6 16.g3 Qc7 17.Bg2 Ne7 18.c3 Bxg3 19.fxg3
Qxg3 20.Ne5 Nf4 21.Qg4 Qxg4 22.Nxg4 Nd3 23.Re2 Nxb2 24.Rxb2 Rxc3
25.Rd1 Rfc8 26.Kf2 Nf5 27.Rdd2 f6 28.Nh2 Kf7 29.Nf3 Nd6 30.Ne1
Nf5 31.Rbc2 Ke7 32.Rxc3 Rxc3 33.Rc2 Rc6 34.Rxc6 bxc6 35.Nc2 Kd6
36.Bf3 c5 37.dxc5+ Kxc5 38.Bg4 e5 39.b4+ Kd6 40.Ke2 Ne7 41.Kd2
f5 42.Be2 f4 43.Kc3 Nf5 44.a4 g5 45.a5 Ne7 46.Na3 e4 47.Nb5+
Ke5 48.Nxa7 d4+ 49.Kd2 f3 50.Bf1 Kf4 51.Nb5 Nc6 52.a6 e3+ 53.Ke1
d3 54.Na3 e2 55.Bxe2 dxe2 56.Kd2 Kg3 57.Nc2 Nxb4 58.Ke1 f2+ 59.Kxe2
Kg2 60.a7 f1Q+ 61.Kd2 Qf2+ 0-1

[Event "FIDE Open"]
[Site "Voronezh"]
[Date "2017.06.19"]
[Round "8.24"]
[White "Maraktanov, Andrey"]
[Black "Pavlova, Natalia"]
[Result "0-1"]
[WhiteElo "1821"]
[BlackElo "1954"]
[Annotator ""]
[Source ""]
[Remark ""]

1.Nf3 d5 2.d4 Nf6 3.c4 c6 4.g3 g6 5.Nc3 Bg7 6.Bg2 O-O 7.O-O dxc4
8.e3 Nbd7 9.a4 a5 10.Qe2 Nb6 11.e4 e5 12.dxe5 Ng4 13.Bf4 Qe7
14.Bg5 Qb4 15.h3 Nxe5 16.Nxe5 Bxe5 17.f4 Bd4+ 18.Kh2 f6 19.Bh6
Re8 20.e5 fxe5 21.Ne4 Nd5 22.fxe5 Bxe5 23.Ra3 Qxb2 24.Raf3 Be6
25.Qxb2 Bxb2 26.Nd6 Bg7 27.Nxe8 Rxe8 28.Bc1 Nb4 29.Re3 Nd3 30.Ba3
Bh6 31.Re2 Bf7 32.Be4 b5 33.Bxd3 cxd3 34.Rxe8+ Bxe8 35.axb5 cxb5
36.Rd1 b4 37.Bc1 Bxc1 38.Rxc1 Ba4 39.Rc8+ Kf7 40.Rd8 Bc2 0-1

[Event "FIDE Open"]
[Site "Voronezh"]
[Date "2017.06.19"]
[Round "8.25"]
[White "Matveenko, Yury"]
[Black "Vasiljev, Ilya"]
[Result "1-0"]
[WhiteElo "1928"]
[BlackElo "1644"]
[Annotator ""]
[Source ""]
[Remark ""]

1.Nf3 Nf6 2.b4 e6 3.a3 d5 4.Bb2 c5 5.b5 Be7 6.e3 O-O 7.c4 b6
8.Be2 Bb7 9.O-O Nbd7 10.d4 Rc8 11.Nbd2 cxd4 12.exd4 Qc7 13.a4
dxc4 14.Rc1 Qb8 15.Nxc4 Nd5 16.Nfe5 Nxe5 17.Nxe5 Rxc1 18.Qxc1
Qd6 19.Qd2 Qb4 20.Qxb4 Bxb4 21.Rc1 Bd2 22.Rc2 Bf4 23.Nc6 Rc8
24.Ba3 Bxc6 25.bxc6 Bg5 26.Ba6 Rc7 27.Bd6 Be7 28.Bxc7 Nxc7 29.Bc4
Bb4 30.Rc1 Kf8 31.Rd1 Ke7 32.d5 exd5 33.Bxd5 Nxd5 34.Rxd5 Bd6
35.a5 Ke6 36.Rb5 Bc5 37.axb6 axb6 38.Rb3 g6 39.Rd3 Bd6 40.Kf1
b5 41.Ke2 b4 42.Kd1 h6 43.Kc2 f5 44.Kb3 Ke5 45.f4+ Ke6 46.Rd4
g5 47.fxg5 hxg5 48.Rc4 Bc7 49.Kxb4 f4 50.Kc5 Ke5 51.Rd4 1-0

[Event "FIDE Open"]
[Site "Voronezh"]
[Date "2017.06.19"]
[Round "8.26"]
[White "Buyukli, Egor"]
[Black "Rozmanov, Aleksandr"]
[Result "1/2-1/2"]
[WhiteElo "1749"]
[BlackElo "1928"]
[Annotator ""]
[Source ""]
[Remark ""]

1.d4 d5 2.c4 e6 3.Nc3 Nf6 4.cxd5 exd5 5.Bg5 Be7 6.e3 h6 7.Bf4
O-O 8.Bd3 c6 9.h3 Be6 10.Nf3 Nbd7 11.O-O Re8 12.Qc2 Rc8 13.Rfd1
c5 14.dxc5 Nxc5 15.Nd4 Qa5 16.Rac1 Nce4 17.Qa4 Bd8 18.Qxa5 Bxa5
19.Nxe4 dxe4 20.Bb5 Rxc1 21.Rxc1 Bd7 22.Bxd7 Nxd7 23.Nb3 Bb6
24.Rd1 Nc5 25.Nxc5 Bxc5 26.Rd7 Re7 27.Rxe7 Bxe7 28.Kf1 Bf6 29.b3
Kf8 30.f3 exf3 31.gxf3 Ke7 32.Ke2 Ke6 33.Kd3 Be5 34.Bxe5 Kxe5
35.Ke2 g5 36.Kd2 f5 37.Ke2 h5 38.Kf2 b5 39.a3 Kd5 40.Kg3 a5 41.h4
g4 42.e4+ Ke5 43.exf5 gxf3 44.Kf2 Kf6 45.Ke3 Kxf5 46.Kxf3 1/2-1/2

[Event "FIDE Open"]
[Site "Voronezh"]
[Date "2017.06.19"]
[Round "8.27"]
[White "Stepanischev, Gregory"]
[Black "Yashmetov, Nikolay"]
[Result "0-1"]
[WhiteElo "1799"]
[BlackElo "2127"]
[Annotator ""]
[Source ""]
[Remark ""]

1.d4 Nf6 2.Nf3 e6 3.c4 c5 4.d5 b5 5.Nc3 b4 6.Na4 d6 7.g3 exd5
8.cxd5 Bb7 9.Bg5 Be7 10.Bxf6 Bxf6 11.Bg2 O-O 12.O-O Nd7 13.Rb1
Re8 14.e3 h6 15.Re1 Qa5 16.e4 Ne5 17.Nxe5 Bxe5 18.Bf1 Bd4 19.a3
bxa3 20.bxa3 Ba6 21.Bxa6 Qxa6 22.Kg2 Rab8 23.Qc2 Rxb1 24.Rxb1
f5 25.f3 fxe4 26.fxe4 Rf8 27.Qd1 Rf2+ 28.Kh3 Qc8+ 29.g4 Be5 0-1

[Event "FIDE Open"]
[Site "Voronezh"]
[Date "2017.06.19"]
[Round "8.28"]
[White "Filippov, Ivan"]
[Black "Kuzmin, Vitaly"]
[Result "1-0"]
[WhiteElo "2041"]
[BlackElo "1770"]
[Annotator ""]
[Source ""]
[Remark ""]

1.d4 d5 2.c4 c6 3.cxd5 cxd5 4.Nc3 Nf6 5.Nf3 Bf5 6.Qb3 Bc8 7.Bg5
e6 8.Rc1 a6 9.Bxf6 gxf6 10.e3 Nd7 11.a4 Be7 12.Bd3 f5 13.O-O
Qb6 14.Qc2 Nf6 15.Ne5 Nd7 16.Nxd7 Bxd7 17.Bxf5 exf5 18.Nxd5 Qd8
19.Nc7+ Kf8 20.Nxa8 Qxa8 21.Qc7 Bxa4 22.Qe5 Rg8 23.Qxf5 Kg7 24.Rc7
Qd8 25.Rxb7 Bc6 26.Ra7 Kh8 27.f3 Bb5 28.Rc1 Bf6 29.Rxf7 Bg7 30.Rcc7
Qh4 31.g3 Qh6 32.f4 Be8 33.Rxg7 Rxg7 34.Qf8+ 1-0